Loreto College Library, Kolkata
WEBOPAC (ONLINE PUBLIC ACCESS CATALOGUE)

The economics of welfare (Record no. 40423)

MARC details
000 -LEADER
fixed length control field 00499nam a22002057a 4500
005 - DATE AND TIME OF LATEST TRANSACTION
control field 20160120140108.0
008 - FIXED-LENGTH DATA ELEMENTS--GENERAL INFORMATION
fixed length control field 160120b xxu||||| |||| 00| 0 eng d
040 ## - CATALOGING SOURCE
Original cataloging agency Loreto College
041 ## - LANGUAGE CODE
Language code English
082 ## - DDC | ডিউই
Classification number | বর্গসংখ্যা 330
Book Number | গ্রন্থাঙ্ক PIG
100 ## - MAIN ENTRY--PERSONAL NAME | মুখ্য সংলেখ - ব্যাক্তিনাম
Personal name | ব্যাক্তিনাম Pigou, A C
Fuller form of name | পূর্ণনাম A C Pigou
245 ## - TITLE STATEMENT | অাখ্যা বিবরণী
Title | অাখ্যা The economics of welfare
Statement of responsibility | লেখকের দায়িত্বের বিবরণ A C Pigou
250 ## - EDITION STATEMENT | সংস্করণ ক্ষেত্র
Edition statement | সংস্করণ 4th ed.
260 ## - IMPRINT | প্রকাশনা ক্ষেত্র
Place of publication | প্রকাশ স্থান London
Name of publisher | প্রকাশকের নাম Macmilan
Date of publication | প্রকাশ কাল 1932
300 ## - PHYSICAL DESCRIPTION |
Page / Vol. No | পৃষ্ঠা / খন্ড সংখ্যা xxxi, 835p.
504 ## - BIBLIOGRAPHY, ETC. NOTE
Bibliography, etc Include inddex
650 ## - SUBJECT ADDED ENTRY--TOPICAL TERM | বিষয় শিরোনাম - মূল বিষয়
Topical term | মূল বিষয় Economics
850 ## - HOLDING INSTITUTION
Holding institution LCLIB
942 ## - ADDED ENTRY ELEMENTS (KOHA)
Koha item type Books
Holdings
Withdrawn status Lost status Source of classification Damaged status Not for loan Home library Current library Date acquired Total Checkouts Full call number Accession No. Date last seen Price effective from Koha item type
    Dewey Decimal Classification     Loreto College Loreto College 20/01/2016   330 PIG 44065 20/01/2016 20/01/2016 Books